Calla lily intercropping in rubber tree plantations changes the nutrient content, microbial abundance, and enzyme activity of both rhizosphere and non-rhizosphere soil and call lilly growth (Record no. 55044)

MARC details
000 -LEADER
fixed length control field 00679nam a2200193Ia 4500
100 ## - MAIN ENTRY--AUTHOR NAME
Personal name Juan L
245 #0 - TITLE STATEMENT
Title Calla lily intercropping in rubber tree plantations changes the nutrient content, microbial abundance, and enzyme activity of both rhizosphere and non-rhizosphere soil and call lilly growth
260 ## - PUBLICATION, DISTRIBUTION, ETC. (IMPRINT)
Name of publisher Industrial Crops and Products
Year of publication 2019
300 ## - PHYSICAL DESCRIPTION
Number of Pages 344-351
500 ## - GENERAL NOTE
General note Source Year: 2019
650 ## - SUBJECT ADDED ENTRY--TOPICAL TERM
Topical Term Calla lily
650 ## - SUBJECT ADDED ENTRY--TOPICAL TERM
Topical Term Enzyme activity
650 ## - SUBJECT ADDED ENTRY--TOPICAL TERM
Topical Term Intercropping
700 ## - ADDED ENTRY--PERSONAL NAME
Personal name Lijun Z
700 ## - ADDED ENTRY--PERSONAL NAME
Personal name Weifu L
856 ## - ELECTRONIC LOCATION AND ACCESS
Uniform Resource Identifier doi.org/10.1016/j.indcrop.2019.02.045 (bibli details only)
942 ## - ADDED ENTRY ELEMENTS (KOHA)
Koha item type Journals
Holdings
Withdrawn status Lost status Damaged status Not for loan Home library Current library Shelving location Date acquired Serial Enumeration / chronology Koha item type
      Journals RRII Library RRII Library Agronomy 01/01/2021 Volume 132, Issue Journals